000 00561nam a2200193Ia 4500
005 20250508161855.0
008 008 250505s9999 xx 000 0 eng d
037 _aTextual
040 _aFEDL
_beng
_cFEDL
041 _aeng
_2eng
084 _a378.73, BEL
_qFEDL
100 _aBell Daniel Ed.
245 0 _aConfrontation : The student rebellion and the universities
260 _aNew York, USA
_bBasic Books
_c1968
300 _a191p.
700 _a Kristol Irving Ed.
_9771723
942 _cTEXL
_h378.73, BEL
999 _c1372859
_d1372859